[Event "1st Capablanca Memorial 2017"]
[Site "Heraklion"]
[Date "2017.04.24"]
[Round "9"]
[White "Vuelban, Virgilio"]
[Black "Triantos, Konstantinos"]
[Result "1-0"]
[WhiteElo "2257"]
[BlackElo "2051"]
[Annotator "TA"]
[PlyCount "121"]
[EventDate "2017.??.??"]
[EventType "tourn"]
[EventCountry "GRE"]
[SourceTitle "playchess.com"]
[Source "ChessBase"]
[SourceQuality "1"]

{[%evp 20,121,27,27,21,-14,52,-22,31,25,37,-51,-51,-51,-47,-46,-49,-54,-32,-61,-52,-107,-118,-103,-107,-286,-289,-404,-410,-454,-252,-637,-627,-621,-610,-580,-420,-614,-272,-227,-182,-192,-127,-125,-50,-62,372,323,324,318,441,432,434,434,554,556,544,444,435,424,422,419,419,421,399,378,447,447,433,427,411,341,366,340,530,349,463,455,507,504,453,364,499,488,472,472,532,522,526,520,584,573,730,731,1430,1392,949,759,1369,1375,1210,979,1575,2703]} 1. e4 c5 2. Nf3 d6 3. d4 cxd4 4. Nxd4 Nf6 5. Nc3 Nc6 6. f3 e5 7. Nb3 Be7 8. Be3 O-O 9. Qd2 a5 10. Bb5 Na7 11. Bd3 Be6 {B56: Classical Sicilian: Unusual Lines} 12. Nd5 (12. O-O Nc8 13. Rad1 a4 14. Nc1 Nb6 15. Qf2 Nfd7 16. a3 {½-½ (16) Movsesian,S (2653)-Kononenko,D (2617) Pardubice 2015}) 12... a4 $146 (12... Bxd5 $11 13. exd5 Nxd5) (12... Bxd5 13. exd5 a4 14. Nc1 Nxd5 15. Bxh7+ Kxh7 16. Qxd5 Nc6 17. Ne2 Ra5 18. Qd3+ Kh8 19. Bd2 {1-0 (46) Muhren,B (2092)-Bensdorp,L (2063) Schagen 2003}) 13. Nc1 (13. Nb6 $1 $14) 13... Nc8 ({Black should try} 13... Bxd5 $11 14. exd5 Nxd5 15. Bxh7+ Kxh7 16. Qxd5 Nc6) 14. c4 $14 b5 15. Ne2 (15. Nxe7+ $14 Nxe7 16. cxb5) 15... bxc4 $15 16. Bxc4 Nxd5 17. Bxd5 Bxd5 18. Qxd5 Ra5 19. Qc6 d5 {White must now prevent ...Bb4+.} 20. exd5 (20. O-O $1 $15) 20... Bb4+ $1 $17 (20... Rxd5 $6 21. O-O $11 (21. Qxa4 Bg5 22. Qe4 Bxe3 23. Qxe3 Nd6 $15)) (20... Qxd5 $6 21. Qxd5 Rxd5 22. Nc3 $11) 21. Kf2 Ne7 $36 {[%mdl 2048] Keeping White busy.} (21... Qxd5 $6 22. Qxd5 Rxd5 23. a3 $11) 22. Qb7 $2 (22. Qb6 $17 Qxb6 23. Bxb6) 22... Nxd5 $19 23. a3 {[#]} Bd6 $1 24. Bd2 {[#]} Bc5+ (24... e4 $142 $1 {[%mdl 512]} 25. Bxa5 (25. fxe4 Qf6+) 25... Bc5+ 26. Kf1 (26. Kg3 Qg5+ 27. Kh3 Bf2 28. g3 exf3 29. Qxd5 Qxd5 30. Kh4 fxe2 31. Kh3 Qxa5 32. Rhc1 e1=Q 33. Rxe1 Bxe1 34. b4 axb3 35. Kg4 b2 36. Rd1 Qa4+ 37. Kf3 Qxd1+ 38. Kg2 b1=Q 39. h4 Qd4 40. Kh3 Qf2 41. h5 Qxg3#) 26... Ne3+ 27. Kf2 Nc4+ 28. Kf1 Nxa5 29. Qxe4 Nb3) 25. Kg3 $2 (25. Ke1) 25... Nf4 26. Bxf4 exf4+ 27. Kh3 Be3 {( -> ...Rh5+)} 28. g4 (28. g3 $142 Qd2 29. Rhe1) 28... fxg3 (28... h5 $142 29. Rhf1 Qg5) 29. Nxg3 Qf6 30. Rae1 {[%cal Ba1e1,Be1e2,Be2e8,Be8f8][%mdl 32]} Rd8 (30... Bd4 $19 31. Re2 Re5) 31. Re2 $17 (31. Rxe3 $2 Qh6+ 32. Kg2 Qxe3 $19) 31... Bh6 (31... Re5 $17 {And now ...h5 would win.} 32. Rhe1 h5) 32. Rhe1 {White threatens Re8+ and mate.} g6 $2 {[%mdl 8192]} (32... Rf8 $1 $15 {stays ahead.}) 33. Re8+ $18 Bf8 34. Qb4 $1 {[%csl Ge8][%cal Rb4f8]} Qd6 {[#]} 35. Rxf8+ $1 {[%mdl 512]} (35. Qxa5 Rxe8 36. Rxe8 Qd7+ 37. Kg2 Qxe8 $15) 35... Kxf8 (35... Qxf8 36. Qxa5) 36. Qxa5 Rc8 37. Qxa4 Qd2 38. Qb4+ Qxb4 39. axb4 {[%mdl 4096] Endgame KRN-KR} Rc2 40. Re2 Rc4 41. Ne4 Rxb4 42. Nf6 Kg7 43. Nd5 Rb3 44. Kg3 g5 45. Ne3 Kg6 46. Nc4 f5 (46... h5 {is a better defense.} 47. h4 f6) 47. h3 Rb4 48. Re6+ ({Not} 48. Ne5+ Kh5 49. Rc2 Rb3 $18) 48... Kf7 49. Rc6 Ke7 50. Kf2 Kd7 51. Ne5+ {White is clearly winning.} Ke7 52. Nd3 Rh4 53. Kg3 Rd4 54. Rc3 h5 55. b4 {[%cal Bb2b4,Bb4b5][%mdl 32]} Kd6 56. b5 Rd5 57. Rb3 Kc7 58. h4 g4 59. Nf4 Rd6 60. Nxh5 Rh6 61. fxg4 1-0

[Event "1st Capablanca Memorial 2017"]
[Site "Heraklion"]
[Date "2017.04.24"]
[Round "9"]
[White "Anagnostopoulos, Konstantinos"]
[Black "Taylor, Adam C"]
[Result "0-1"]
[WhiteElo "2201"]
[BlackElo "2231"]
[Annotator "NA"]
[PlyCount "84"]
[EventDate "2017.??.??"]
[EventType "tourn"]
[EventCountry "GRE"]
[SourceTitle "playchess.com"]
[Source "ChessBase"]
[SourceQuality "1"]
[TimeControl "40/5400+30:1800+30"]

{[%evp 18,82,36,5,41,-10,36,-21,0,-58,-52,-56,-22,-105,-43,-42,-49,-197,-183,-216,-236,-167,-218,-238,32767,32767,-481,32767,-743,-741,32767,32767,32767,32767,-456,-444,-442,32767,32767,-480,-340,-367,-361,-364,32767,32767,-377,-425,-460,32767,-485,-432,-433,-483,-524,-518,32767,32767,32767,-657,32767,32767,-619,-616,-718,-653,-726]} 1. d4 {[%emt 0:00:39]} Nf6 {[%emt 0:00:12]} 2. Nf3 {[%emt 0:00:13]} d6 {[%emt 0:00:25]} 3. c4 {[%emt 0:00:19]} g6 {[%emt 0:00:11]} 4. Nc3 {[%emt 0:00:36]} Bg7 {[%emt 0:00:06]} 5. e4 {[%emt 0:00:14]} O-O {[%emt 0:00:11]} 6. Be2 {[%emt 0:00:06]} e5 {[%emt 0:00:25]} 7. O-O {[%emt 0:00:39]} exd4 {[%emt 0:05:23]} 8. Nxd4 {[%emt 0:00:13]} Re8 {[%emt 0:00:27]} 9. f3 {[%emt 0:00:35]} Nc6 {[%emt 0:00:48] LiveBook: 655 Games} 10. Nc2 {[%emt 0:01:53]} a5 {[%emt 0:01:44] E94: King's Indian: Classical: 6 Be2 e5 7 0-0: Various Black 7th moves} (10... Nh5 11. g4 Be5 12. gxh5 Bxh2+ 13. Kxh2 Qh4+ 14. Kg1 {½-½ (14) Dreev,A (2668)-Mamedov,R (2641) Baku 2013}) 11. Ne3 $146 {[%emt 0:04:56]} (11. Be3 Nb4 12. Re1 Bd7 13. Bf1 Nxc2 14. Qxc2 Bc6 15. Rad1 Qb8 16. b3 Nd7 17. Nd5 Nc5 18. Bg5 {0-1 (41) Vodicka,V (2216)-Pisk,P (2380) Czechia 2007}) 11... Nh5 {[%emt 0:07:10]} (11... Nd7 $11) 12. Nc2 {[%emt 0:30:08]} (12. Ned5 $14) 12... Nb4 {[%emt 0:10:25]} 13. Nxb4 {[%emt 0:07:18]} ({White should play} 13. Ne1 $11) 13... axb4 {[%emt 0:00:27]} 14. Nb5 {[%emt 0:01:46]} Bd7 {[%emt 0:06:18]} 15. Qb3 {[%emt 0:19:38]} (15. Qd2 $15) 15... Bxb5 {[%emt 0:17:57]} 16. cxb5 {[%emt 0:00:04]} Bd4+ {[%emt 0:00:07]} 17. Rf2 $2 {[%emt 0:22:35]} ({White has to play} 17. Be3 $1 $15 Nf4 18. Rf2 Bxe3 19. Qxe3 Nxe2+ 20. Qxe2 (20. Rxe2 Re5 $15)) 17... Bxf2+ {[%emt 0:01:52]} 18. Kxf2 {[%emt 0:00:03]} Qh4+ {[%emt 0:00:39]} 19. Kg1 {[%emt 0:00:42]} Qe1+ {[%emt 0:00:25]} 20. Bf1 {[%emt 0:00:02]} d5 {[%emt 0:02:52]} 21. g4 {[%emt 0:03:17]} dxe4 {[%emt 0:03:07]} 22. gxh5 {[%emt 0:00:22]} e3 {[%emt 0:00:16]} (22... gxh5 23. Qe3 exf3 24. Qg5+ (24. Qxf3 Re6 25. Rb1 Ra5 $17 (25... Rd8 $17)) 24... Kh8 25. Qf6+ Kg8 {[#]} 26. Bh6 $1 $14 {[%mdl 512]}) 23. Bxe3 {[%emt 0:00:28]} Qxe3+ {[%emt 0:00:48]} 24. Qxe3 {[%emt 0:00:04]} Rxe3 {[%emt 0:00:05]} 25. Kf2 {[%emt 0:00:06] [#]} Rb3 $1 {[%emt 0:00:16]} 26. Kg3 {[%emt 0:03:38]} Rxb2 {[%emt 0:00:36]} 27. Rc1 {[%emt 0:00:35]} Rc8 {[%emt 0:04:01]} 28. Bc4 {[%emt 0:01:14]} gxh5 {[%emt 0:03:59]} 29. Rd1 {[%emt 0:00:53] [#]} h4+ $1 {[%emt 0:01:18]} 30. Kxh4 {[%emt 0:00:39]} Rxh2+ {[%emt 0:00:13]} 31. Kg5 {[%emt 0:00:48]} Rh3 {[%emt 0:04:07]} 32. f4 {[%emt 0:00:39]} Rc3 {[%emt 0:00:08]} 33. Bb3 {[%emt 0:00:31]} Kg7 {[%emt 0:00:53]} 34. Rd7 {[%emt 0:00:29]} h6+ {[%emt 0:00:24]} 35. Kg4 {[%emt 0:00:20]} Rf8 {[%emt 0:00:17]} 36. b6 {[%emt 0:00:30]} cxb6 {[%emt 0:01:25]} 37. Rxb7 {[%emt 0:00:05]} Rc6 {[%emt 0:00:49]} 38. Kf5 {[%emt 0:01:06]} Rf6+ {[%emt 0:00:18]} 39. Ke4 {[%emt 0:00:07]} Re8+ {[%emt 0:00:57]} 40. Kf3 {[%emt 0:00:00]} Re1 {[%emt 0:00:37]} 41. Bc4 {[%emt 0:01:15]} Rc1 $19 {[%emt 0:00:42]} 42. Bb3 {[%emt 0:00:13]} Rf1+ {[%emt 0:00:16]} 0-1

[Event "1st Capablanca Memorial 2017"]
[Site "Heraklion"]
[Date "2017.04.26"]
[Round "9"]
[White "Balokas, Dimitrios"]
[Black "Ivanov, Mikhail M"]
[Result "1/2-1/2"]
[WhiteElo "2184"]
[BlackElo "2421"]
[Annotator "TA"]
[PlyCount "24"]
[EventDate "2017.??.??"]
[EventType "tourn"]
[EventCountry "GRE"]

{[%evp 23,24,0,37]} 1. Nf3 Nf6 2. g3 g6 3. Bg2 c5 4. O-O Bg7 5. c4 d5 6. cxd5 Nxd5 7. d4 cxd4 8. Nxd4 O-O 9. Nb5 Be6 10. Nd4 $146 (10. Bxd5 Bxd5 11. N1c3 Bxc3 12. Nxc3 Bc6 13. Bh6 Re8 14. Qb3 Nd7 15. Rfd1 Qc8 16. Bf4 Nf6 17. f3 {½-½ (26) Cheparinov,I (2689)-Li,C (2720) Doha 2016}) 10... Bc8 11. Nb5 Be6 12. Nd4 Bc8 {LiveBook: 282 Games} 1/2-1/2